| 000 | 01201cab a2200229 4500 | ||
|---|---|---|---|
| 001 | X3901 | ||
| 008 | 090401t1997 xxu||||| |||| 00| 0 eng d | ||
| 035 | _a(Sirsi) u33663 | ||
| 041 | _aeng | ||
| 245 | _aMacclesfield BC and Willett | ||
| 260 | _c1997 | ||
| 350 | _a0 | ||
| 490 |
_aPlanning Appeal Decisions _v[1997] 12 PAD 32-42(11) |
||
| 520 | _aConversion of redundant agricultural barn to five holiday cottages - curtilage of listed building - green belt - whether inappropriate in green belt - special circumstances - character of surrounding countryside - setting of barn - setting of listed building - structure and land plans - fragmentation of farm - car parking - remote locality - traffic - need to draw distinction between development proposals and listed building consent proposals - listed building consent granted - planning permission refused. Costs - whether barn redundant - council pursued that peripheral matter - partial award of costs. | ||
| 650 | _aLISTED BUILDING | ||
| 650 | _aMACCLESFIELD BC AND WILLETT | ||
| 650 | _aPLANNING PERMISSION | ||
| 650 | _aREDUNDANT FARM BUILDING | ||
| 690 | _aPLANNING LAW AND PRACTICE-CASE LAW | ||
| 942 | _n0 | ||
| 948 | _c04/03/1997 | ||
| 999 |
_c22448 _d22448 |
||